000 00505nam a2200169 a 4500
001 17984
005 20180713211208.0
008 140415s1991 mx 000 0 spa d
041 _aspa
082 _a306.6
_bCON
100 1 _aCONFERENCIA DEL EPISCOPADO MEXICANO
245 1 0 _aDOCUMENTOS COLECTIVOS DEL EPISCOPADO MEXICANO A DIEZ AÑOS :
_bDEL CONCILIO VATICANO II 1965-1975
250 _a3a ed.
260 _aMEXICO :
_bCEM,
_c1991
300 _a480
650 1 4 _aSOCIOLOGIA CRISTIANA
999 _c17984
_d17984